| 000 | 00575nam a2200145 a 4500 | ||
|---|---|---|---|
| 008 | 151201s2012 ||||||||||||||||| || u | ||
| 020 | _a9781847422798 | ||
| 050 | _aHD 58 Bis | ||
| 100 | _aBissell, Gavin | ||
| 245 | 1 | 0 |
_aOrganisational behaviour for social work _cBy Gavin Bissell |
| 260 |
_aBristol _bThe Policy Press _c2012 |
||
| 300 | _ax, 186p.:ill. | ||
| 650 | _aORGANIZATIONAL BEHAVIOUR | ||
| 995 |
_aMEDICAL LIBRARY OPEN ACCESS _D33.95 _e903228 _FCBU-SCHOOL OF MEDICINE LIBRARY (Ndola) _jHD 58 Bis _M1 _UAVAILABLE _WJan 26, 2016 _y903228 _ZMedical Library Open Access Collection |
||
| 999 |
_c32275 _d32275 |
||